|
|
|
|
| LEADER |
00000nam0a2200000 4500 |
| 001 |
340199 |
| 005 |
20231102005220.0 |
| 010 |
|
|
|a 9785950036460
|
| 035 |
|
|
|a (RuTPU)RU\TPU\book\366804
|
| 090 |
|
|
|a 340199
|
| 100 |
|
|
|a 20180227d2017 m y0rusy50 ca
|
| 101 |
0 |
|
|a rus
|
| 102 |
|
|
|a RU
|
| 105 |
|
|
|a a j 001zy
|
| 200 |
1 |
|
|a Выбор состава и структуры износостойких наноструктурных покрытий для твердосплавного режущего инструмента на основе квантово-механического моделирования
|e учебное пособие
|f Ю. Г. Кабалдин [и др.]
|
| 210 |
|
|
|a Москва
|c Инновационное машиностроение
|d 2017
|
| 215 |
|
|
|a 216 с.
|c ил.
|
| 225 |
1 |
|
|a Для вузов
|
| 320 |
|
|
|a Библиогр.: с. 212-215
|
| 330 |
|
|
|a Изложены базовые положения квантовой механики, определяющей новое направление синтеза материалов за счет атомной сборки нано структур, названной нанотехнологией. Приведена классификация нано материалов, их основные функциональные свойства, методы исследований и области применения. Рассмотрены особенности механизмов изнашивания и хрупкого разрушения твердосплавного режущего инструмента с наноструктурным покрытием. Приведены результаты моделирования процесса осаждения покрытий на режущий инструмент, а также квантово-механические расчеты прочности зерен и их границ в тугопавких соединениях (в карбидных и нитридных), использующихся в качестве наноструктурных покрытий, их поверхностная и дислокационная структуры. Указаны пути конструирования и выбора состава и структуры многоэлементных нитридных покрытий, методы оценки их качества, включающие определение их прочности сцепления с основой, трещиностойкость с использованием фрактального анализа, нейронных сетей и акустической эмиссии.
|
| 606 |
1 |
|
|a Режущие инструменты
|x Защитные покрытия
|2 stltpush
|3 (RuTPU)RU\TPU\subj\24431
|9 48779
|
| 610 |
1 |
|
|a наноматериалы
|
| 610 |
1 |
|
|a квантовая механика
|
| 610 |
1 |
|
|a твердосплавный инструмент
|
| 610 |
1 |
|
|a износ
|
| 610 |
1 |
|
|a прочтение
|
| 610 |
1 |
|
|a наноструктурные покрытия
|
| 610 |
1 |
|
|a осаждение
|
| 610 |
1 |
|
|a моделирование
|
| 610 |
1 |
|
|a эксплуатационные свойства
|
| 610 |
1 |
|
|a качество
|
| 610 |
1 |
|
|a дефекты
|
| 610 |
1 |
|
|a учебные пособия
|
| 675 |
|
|
|a 621.9.02.002(075.8)
|v 4
|
| 701 |
|
1 |
|a Кабалдин
|b Ю. Г.
|g Юрий Георгиевич
|
| 701 |
|
1 |
|a Кретинин
|b О. В.
|g Олег Васильевич
|
| 701 |
|
1 |
|a Шатагин
|b Д. А.
|g Дмитрий Александрович
|
| 701 |
|
1 |
|a Власов
|b Е. Е.
|g Евгений Евгеньевич
|
| 801 |
|
1 |
|a RU
|b 63413507
|c 20180227
|
| 801 |
|
2 |
|a RU
|b 63413507
|c 20191105
|g RCR
|
| 942 |
|
|
|c BK
|
| 959 |
|
|
|a 3/20180221
|d 1
|e 800,00
|f ЧЗТЛ:1
|